Music Quiz

Random Music or Lyrics Quiz

Lyrics to Helena Beat by Foster the People Quiz Stats

 Plays Quiz not verified by Sporcle

Challenge
Share
Tweet
Embed
Score 0/233 Timer 09:00
0 Plays Today
Lyric % Correct
the
97.5%
and
97.5%
and
97.5%
and
97.5%
the
97.5%
the
97.5%
the
97.5%
and
97.5%
and
97.5%
a
97.5%
and
97.5%
a
97.5%
the
97.5%
and
97.5%
the
97.5%
and
97.5%
the
97.5%
and
97.5%
a
97.5%
and
97.5%
a
97.5%
so
94.9%
so
94.9%
you
93.2%
you
93.2%
you
93.2%
You
93.2%
You
93.2%
you
93.2%
You
93.2%
you
93.2%
You
93.2%
to
91.4%
to
91.4%
to
91.4%
to
91.4%
To
91.4%
to
91.4%
to
91.4%
to
91.4%
it
90.9%
It
90.9%
it
90.9%
it
90.9%
that
89.6%
that
89.6%
that
89.6%
my
87.6%
my
87.6%
my
87.6%
my
87.6%
my
87.6%
life
86.3%
by
85.8%
fall
85.6%
fall
85.6%
fall
85.6%
fall
85.6%
Sometimes
84.6%
again
84.6%
again
84.6%
way
84.1%
way
84.1%
way
84.1%
Its
83.8%
it's
83.8%
on
83.5%
on
83.5%
on
83.5%
on
83.5%
know
83.3%
know
83.3%
know
83.3%
hands
82.5%
hands
82.5%
takes
82.3%
take
82%
your
82%
Lyric % Correct
your
82%
down
81.8%
tie
81.8%
of
81.8%
of
81.8%
of
81.8%
down
81.8%
tie
81.8%
of
81.8%
Yeah
81.5%
up
81.5%
up
81.5%
Yeah
81.5%
Yeah
81.5%
up
81.5%
Yeah
81.5%
Yeah
81.5%
Yeah
81.5%
Yeah
81.5%
up
81.5%
Yeah
81.5%
Yeah
81.5%
okay
81.3%
okay
81.3%
chair
81%
don't
81%
it's
81%
chair
81%
don't
81%
you're
80.8%
dead
80.5%
alright
79.5%
alright
79.5%
poisoned
79.2%
poisoned
79.2%
sip
79%
sip
79%
in
78.2%
something
78.2%
in
78.2%
in
78.2%
something
78.2%
I
76.5%
I
76.5%
I
76.5%
I
76.5%
I
76.5%
I
76.5%
hold
76.5%
I
76.5%
I
76.5%
I
76.5%
I
76.5%
I
76.5%
I
76.5%
hold
76.5%
took
75.4%
took
75.4%
hair
74.9%
I've
74.7%
I've
74.7%
I've
74.7%
gone
74.4%
tight
74.4%
tight
74.4%
head
74.2%
head
74.2%
been
73.9%
been
73.9%
places
73.4%
but
73.2%
but
73.2%
but
73.2%
before
72.4%
I'm
72.2%
I'm
72.2%
I'm
72.2%
pulls
71.6%
Lyric % Correct
won't
71.4%
you're
69.9%
you're
69.9%
pretend
68.1%
not
68.1%
not
68.1%
not
68.1%
I'll
67.3%
I'll
67.3%
out
66.3%
out
66.3%
just
64.1%
Just
64.1%
just
64.1%
make
61.8%
days
61%
get
60.3%
bed
60%
when
58.2%
lost
58.2%
if
57.5%
choose
56.5%
those
56.5%
choose
56.5%
walk
55.7%
want
54.2%
truth
53.7%
only
53.2%
got
52.7%
say
52.4%
lose
52.2%
downstairs
51.6%
believe
51.6%
all
50.9%
for
50.6%
play
50.4%
game
50.4%
nothing
50.1%
could
48.9%
could
48.9%
never
48.6%
corner
46.8%
pay
46.1%
own
46.1%
knew
45.8%
strange
45.3%
that's
45.3%
what
44.6%
rent
44.1%
insecure
44.1%
tried
43.8%
show
43.3%
are
42.8%
change
41.5%
hard
41.3%
was
41.3%
myself
41%
living
41%
stuck
40.8%
prison
40.8%
cut
40.3%
were
39.5%
Wake
39%
them
39%
joints
38.7%
face
38.7%
coming
38.5%
I'd
37.5%
Hit
35.4%
kind
34.7%
pawn
33.7%
pacing
33.2%
Cause
31.9%
Slip
29.1%
calls
27.1%
dodging
25.1%
hug
18.7%

You're not logged in!

Compare scores with friends on all Sporcle quizzes.
Join for Free
OR
Log In

You Might Also Like...

Show Comments

Extras

Top Quizzes Today


Score Distribution

Your Account Isn't Verified!

In order to create a playlist on Sporcle, you need to verify the email address you used during registration. Go to your Sporcle Settings to finish the process.

Report this User

Report this user for behavior that violates our Community Guidelines.

Details: